Steven Spielberg Movies - Statistics

General Stats
  • This quiz has been taken 257 times
  • The average score is 22 of 35
Answer Stats
Release Year Answer % Correct
1975 Jaws
92%
1982 E.T. the Extra-Terrestrial
91%
1993 Jurassic Park
91%
1993 Schindler's List
90%
1981 Raiders of the Lost Ark
89%
1989 Indiana Jones and the Last Crusade
88%
1984 Indiana Jones and the Temple of Doom
88%
1998 Saving Private Ryan
80%
1977 Close Encounters of the Third Kind
77%
2002 Catch Me If You Can
72%
2018 Ready Player One
68%
1985 The Color Purple
66%
1971 Duel
65%
2002 Minority Report
65%
2022 The Fabelmans
64%
2005 Munich
61%
2005 War of the Worlds
61%
2021 West Side Story
61%
1979 1941
57%
2001 A.I. Artificial Intelligence
57%
2015 Bridge of Spies
56%
2011 War Horse
56%
2016 The BFG
55%
1997 Amistad
53%
1991 Hook
53%
2011 The Adventures of Tintin
53%
1997 The Lost World: Jurassic Park
51%
2004 The Terminal
51%
2012 Lincoln
50%
2017 The Post
50%
1987 Empire of the Sun
49%
2008 Indiana Jones and the Kingdom of the Crystal Skull
48%
1974 The Sugarland Express
48%
1989 Always
36%
1964 Firelight
20%
No matching quizzes found
Score Distribution
Percent of People with Each Score
Percentile by Number Answered
Your Score History
You have not taken this quiz